000 00623nam a22001817a 4500
999 _c57643
_d57643
005 20200824140344.0
008 200824s2016 eng||||| |||| 00| 0 geo d
020 _a9788183165198
041 _aeng
080 _a37+004 V-26
100 _aVanaja, Dr. M.
_99302
245 _aInformation & Communication Technology (Ict) In Education
_cM. Vanaja, S. Rajasekar, S. Arulsamy.
300 _a286 p.
_b23 cm.
653 _aინფორმაციული ტექნოლოგიები
700 _aRajasekar, S.
_eავტორი
_99303
700 _aArulsamy, S.
_eავტორი
_99304
942 _2udc
_cBK